000 00991naa a22002777a 4500
001 BR7808101
003 BR-BrBNA
005 20250714162952.0
007 ta
008 250630b bl.|||m| |||| 00| 0 por d
040 _aBR-BrBNA
_bpor
_cBiblioteca Nacional de Agricultura
041 _a(Pt)
072 _aD10; P31
_b/G514
090 _aD10 BR7808101
100 1 _aBertoni, J.
245 1 _aLevantamento e conservacao do solo (Sao Paulo; Brasil)
500 _aCiencia e Tecnologia no estado de Sao Paulo 3. Agropecuaria Solo [np](Brasil): [nd]. p. 13-35 [Bibliography p. 21-33 (158 ref.)] (BR7808101-AMS)
773 0 _tCiencia e Tecnologia no estado de Sao Paulo 3. Agropecuaria Solo
_wD10 BR7808101
_g[np](Brasil), [nd]. p. 13-35
650 _aCONSERVACAO DO SOLO
650 _aRECONHECIMENTO DO SOLO
650 _aINSTITUICAO AGRICOLA
650 _aSAO PAULO
490 _aPublicacao ACIESP (Brazil)
_vno. 4
942 _cAMS
_2AGRIS
909 _a202506
_bLúcia
_c55
_dLúcia Elande
999 _c333183
_d333183